| 000 | 00510cam a22002051 4500 | ||
|---|---|---|---|
| 001 | sa 68013491 | ||
| 003 | DLC | ||
| 005 | 20260227112622.0 | ||
| 008 | 890510m19689999io 000 0 ind | ||
| 010 | _asa 68013491 | ||
| 035 | _a(OCoLC)23576145 | ||
| 040 |
_aDLC _cMiU _dDLC |
||
| 042 | _apremarc | ||
| 050 | 0 | 0 |
_aBJ2007.I5 _bS6 |
| 100 | 1 | _aSoetjipto, S. Soemiati. | |
| 245 | 1 | 0 | _aSikap kita dalam pergulan, |
| 260 |
_aDjakarta, _bBalai Pustaka, _c1968- |
||
| 300 |
_a3 v. _c21 cm. |
||
| 650 | 0 | _aEtiquette | |
| 999 |
_c85143 _d85143 |
||